| 000 | 00394nam a22001217a 4500 | ||
|---|---|---|---|
| 999 |
_c528742 _d528742 |
||
| 008 | 250107b ||||| |||| 00| 0 eng d | ||
| 100 |
_aLuthra, Manan _949804 |
||
| 245 | _aReporting riots: Processions, police and public in the new imperial capital of Delhi (199-1925) | ||
| 260 | _aSocial Scientist | ||
| 300 | _a52(9-10), Sep-Oct, 2024: p.57-66 | ||
| 773 | _aSocial Scientist | ||
| 942 | _cAR | ||